000 00542nam a2200181Ia 4500
008 100917s9999 xx 000 0 und d
082 _b61604
100 _aफडके श्याम
245 _aअेक होता औरंगजेब
260 _bत्रदिल प्रकाशन
_c1965
300 _a24
365 _b0.75
520 _aनाटक
630 _aअेक होता औरंगजेब
650 _aनाटक
730 _aअेक होता औरंगजेब
942 _cBOOK
999 _c666998
_d666995